Гидроциклон для классификации зернистых материалов

Bibliografiset tiedot
Päätekijä: Грехнева Ж. Г. Жозефина Гавриловна
Muut tekijät: Грехнев В. Г., Садиков В. Ф.
Yhteenveto:опубл. 02.12.1967, Бюл. № 24
Kieli:venäjä
Julkaistu:
Aiheet:
Aineistotyyppi: Kirja
KOHA link:https://koha.lib.tpu.ru/cgi-bin/koha/opac-detail.pl?biblionumber=235167

MARC

LEADER 00000nam0a2200000 4500
001 235167
005 20231101231358.0
029 1 0 |a RU  |b 205725  |c А. с.  |d МПК B 03 b 
035 |a (RuTPU)RU\TPU\book\256297 
035 |a RU\TPU\tpu\21971 
039 1 |a SU  |b 205725  |c 19740408 
090 |a 235167 
100 |a 20130405j1967 k y0rusy50 ca 
101 0 |a rus 
102 |a RU 
105 |a a k 000zy 
200 1 |a Гидроциклон для классификации зернистых материалов  |f Ж. Г. Грехнева, В. Г. Грехнев, В. Ф. Садиков 
300 |a опубл. 02.12.1967, Бюл. № 24 
606 |a Гидроциклоны  |x Конструкция и расчет  |x Горное дело  |2 stltpush  |3 (RuTPU)RU\TPU\subj\7092  |9 34823 
610 1 |a авторские свидетельства 
610 1 |a гидроциклоны 
610 1 |a зернистые материалы 
610 1 |a классификации 
675 |a 622.755(088.8)  |v 3 
700 1 |a Грехнева  |b Ж. Г.  |g Жозефина Гавриловна 
701 1 |a Грехнев  |b В. Г. 
701 1 |a Садиков  |b В. Ф. 
801 1 |a RU  |b 63413507  |c 20120214 
801 2 |a RU  |b 63413507  |c 20130408  |g RCR 
942 |c BK